[Event "FRA-chT1 1011"]
[Site "France"]
[Date "2010.11.13"]
[Round "2.8"]
[White "Martinovic, Gordana"]
[Black "Eydt, Loredane"]
[Result "1-0"]
[WhiteElo "1597"]
[BlackElo "1470"]
[PlyCount "43"]
[EventDate "2010.10.17"]
[EventType "team-tourn"]
[EventRounds "11"]
[EventCountry "FRA"]
[SourceTitle "EXT 2012"]
[Source "ChessBase"]
[SourceDate "2011.11.24"]
[SourceVersion "1"]
[SourceVersionDate "2011.11.24"]
[SourceQuality "1"]

1. d4 d5 2. Nf3 Nf6 3. Bf4 e6 4. e3 Be7 5. Nbd2 0-0 6. Bd3 Nbd7 7. 0-0 b6 8. Ne5 Bb7 9. Bg3 c5 10. c3 c4 11. Bb1 b5 12. f4 b4 13. cxb4 Bxb4 14. Bh4 Qa5 15. Nxd7 Nxd7 16. Bxh7+ Kxh7 17. Qh5+ Kg8 18. Rf3 Rad8 19. Rh3 Bxd2 20. Bxd8 Bxe3+ 21. Kh1 f6 22. Bxa5 1-0